000 01664cam a2200421 i 4500
001 2762
003 FISKH
005 20240112134106.0
008 171002s2017 nyua c 000 1 eng
010 _a 2017038516
020 _a9780553497892
020 _a9780553497908
020 _z9780553497915
_q(el)
020 _z9780571336562
040 _aDLC
_beng
_cDLC
_erda
_dDLC
042 _apcc
_alcac
050 0 0 _aPZ7.S2539
_bLan 2017
082 0 0 _a[Fic]
_223
100 1 _aSaunders, Kate,
_d1960-
245 1 4 _aThe Land of Neverendings /
_cKate Saunders.
250 _aThis paperback edition first published in 2018
260 _aLondon :
_bFaber & Faber
_c2017
300 _a317 pages :
_c20 cm
336 _atext
_btxt
_2rdacontent
337 _aunmediated
_bn
_2rdamedia
338 _avolume
_bnc
_2rdacarrier
500 _aOriginally published: London : Faber & Faber Limited, Bloomsbury House, 2017.
520 _a"Emily's world is shattered after her sister dies and she finds she misses her sister's teddy bear, Bluey, almost as much as her sister. Then Emily dreams of talking toys who have a message from Bluey, but soon discovers that magic from the toy world is spilling out into the real world with disastrous consequences. Emily must decide whether finding Bluey is worth risking the lives of those she loves"--
650 1 _aDeath
_vFiction.
650 1 _aSupernatural
_vFiction.
650 1 _aToys
_vFiction.
650 1 _aTeddy bears
_vFiction.
650 1 _aMiddle schools
_vFiction.
650 1 _aSchools
_vFiction.
650 1 _aTheater
_vFiction.
906 _a7
_bcbc
_corignew
_d1
_eecip
_f20
_gy-gencatlg
942 _2ddc
_cBK
_n0
999 _c2762
_d2762